ბათუმის შოთა რუსთაველის სახელმწიფო უნივერსიტეტის ბიბლიოთეკა

"ზოგადი პროფილის ექიმი-პროფილაქტიკოსი" : (ბიბ.ჩანაწერი № 61869)

000 -ლიდერი
ფიქსირებული სიგრძის საკონტროლო ველი 01264nam a22002297a 4500
003 - საკონტროლო ნომრის იდენტიფიკატორი
საკონტროლო ველი Ge_BSU
005 - ბოლო ოპერაციის თარიღი და დრო
საკონტროლო ველი 20240530165719.0
008 - ფიქსირებული სიგრძის მონაცემთა ელემენტები - ზოგადი ინფორმაცია
ფიქსირებული სიგრძის საკონტროლო ველი 240530s1998 ge ||||| |||| 00| 0 geo d
041 ## - ენის კოდი
Language code of text/sound track or separate title geo
080 ## - უნივერსალური ათობითი კლასიფიკაციის ინდექსი
Universal Decimal Classification number 61(076.3) ზ-76
245 ## - ცნობა სათაურის შესახებ
Title "ზოგადი პროფილის ექიმი-პროფილაქტიკოსი" :
Remainder of title სასერტიფიკაციო გამოცდის ტესტ-კითხვარი /
Statement of responsibility, etc შემდგ.: რ. სააკაძე, მ. ყურაშვილი, მ. ზურაბაშვილი [და სხვ.] ; რედ. ა. კეკელიძე
264 ## - წარმოების, გამოცემის, დისტრიბუციის და სხვა ცნობები
გამოცემის, წარმოების, დისტრიბუციის... ადგილი თბ.,
გამოცემის, წარმოების, დისტრიბუციის... თარიღი 1998.
300 ## - ფიზიკური აღწერა
Extent 218 გვ. ;
Other physical details 28 სმ.
700 ## - ADDED ENTRY--PERSONAL NAME
Personal name სააკაძე, რ.,
Relator term შემდგ.
9 (RLIN) 22252
700 ## - ADDED ENTRY--PERSONAL NAME
Personal name ყურაშვილი, მ.,
Relator term შემდგ.
9 (RLIN) 22253
700 ## - ADDED ENTRY--PERSONAL NAME
Personal name ზურაბაშვილი, მ.,
Relator term შემდგ.
9 (RLIN) 22254
700 ## - ADDED ENTRY--PERSONAL NAME
Personal name გელაშვილი, კლ.,
Relator term შემდგ.
9 (RLIN) 22255
700 ## - ADDED ENTRY--PERSONAL NAME
Personal name თოდუა, თ.,
Relator term შემდგ.
9 (RLIN) 22256
700 ## - ADDED ENTRY--PERSONAL NAME
Personal name მჭედლიშვილი, ი.,
Relator term შემდგ.
9 (RLIN) 4853
700 ## - ADDED ENTRY--PERSONAL NAME
Personal name კეკელიძე, ა.,
Relator term რედ.
9 (RLIN) 18726
942 ## - ADDED ENTRY ELEMENTS (KOHA)
Source of classification or shelving scheme
Koha item type წიგნი
ეგზემპლარები
ჩამოწერის სტატუსი დაკარგული ეგზემპლარის სტატუსი კლასიფიკაციის წყარო ან თაროზე გაწყობის სქემა დაზიანების სტატუსი არ გაიცემა მუდმივი მდებარეობა (დაცვის ადგილი) ამჟამინდელი ადგილსამყოფელი თაროზე განთავსების ადგილი შეძენის თარიღი ღირებულება, შესყიდვის ნორმალური ფასი სრული შენახვის შიფრი შტრიხკოდი ბოლო ოპერაციის თარიღი ეგზემპლარის მიმდევრობითი ნომერი (კეტერი?) ფასის ძალაში შესვლის თარიღი ეგზემპლარის სახეობა საჯარო შენიშვნა
          ბათუმის შოთა რუსთაველის სახელმწიფო უნივერსიტეტის მთავარი ბიბლიოთეკა ბათუმის შოთა რუსთაველის სახელმწიფო უნივერსიტეტის მთავარი ბიბლიოთეკა წიგნსაცავი 2024-05-30 26.40 61(076.3) ზ-76 68015 2024-05-30 68015 2024-05-30 წიგნი 26 ლ. 40 თ.
          ბათუმის შოთა რუსთაველის სახელმწიფო უნივერსიტეტის მთავარი ბიბლიოთეკა ბათუმის შოთა რუსთაველის სახელმწიფო უნივერსიტეტის მთავარი ბიბლიოთეკა წიგნსაცავი 2024-05-30 26.40 61(076.3) ზ-76 68016 2024-05-30 68016 2024-05-30 წიგნი 26 ლ. 40 თ.
          ბათუმის შოთა რუსთაველის სახელმწიფო უნივერსიტეტის მთავარი ბიბლიოთეკა ბათუმის შოთა რუსთაველის სახელმწიფო უნივერსიტეტის მთავარი ბიბლიოთეკა წიგნსაცავი 2024-05-30 26.40 61(076.3) ზ-76 68017 2024-05-30 68017 2024-05-30 წიგნი 26 ლ. 40 თ.
          ბათუმის შოთა რუსთაველის სახელმწიფო უნივერსიტეტის მთავარი ბიბლიოთეკა ბათუმის შოთა რუსთაველის სახელმწიფო უნივერსიტეტის მთავარი ბიბლიოთეკა წიგნსაცავი 2024-05-30 26.40 61(076.3) ზ-76 68018 2024-05-30 68018 2024-05-30 წიგნი 26 ლ. 40 თ.
          ბათუმის შოთა რუსთაველის სახელმწიფო უნივერსიტეტის მთავარი ბიბლიოთეკა ბათუმის შოთა რუსთაველის სახელმწიფო უნივერსიტეტის მთავარი ბიბლიოთეკა წიგნსაცავი 2024-06-07 20.00 61(076.3) ზ-76 68024 2024-06-07 68024 2024-06-07 წიგნი 20 ლ.